000 01095nam0a22003011 4500
001 v19\rc\1337191
005 20260405140154.0
035 _a(NLR Aleph) 005209355
090 _a5391964
_c5391964
100 _a20060512e18561856|||y0rusy50 ca
101 0 _arus
102 _aRU
105 _ay z |||||
200 1 _aО железных дорогах
_f[А. Гаряйнов]
210 _a[Санкт-Петербург]
_cтип. Н. Греча
_dценз. 1856
215 _a13 с.
_d22
300 _aАвт. указан в конце текста
309 _aБез тит. л. и обл.
311 _aИзвлеч. из № 265 "Сев. пчелы"
488 0 _12001#$aСеверная пчела$v№ 265
_tСеверная пчела
700 1 _8rus
_7ca
_aГаряйнов
_bА. А.
_gАлексей Алексеевич
_3RU\NLR\AUTH\7756449
_939381
801 2 _aRU
_bNLR
_c20070926
_2rusmarc
801 0 _aRU
_bNLR
_c20060512
_gpsbo
801 0 _aRU
_bRuMoRGB
_c20060512
_2psbo
801 1 _aRU
_bProSoft-M
_c20060512
_2rusmarc
852 _aNLR
_j18.73.1.17
942 _cBOOK
980 _aNB